000 01048cam a2200361 i 4500
001 768714001
003 CO-MdFUSB
005 20220509150043.0
007 ta
008 800424t1968 -us b 00000 eng
020 _q[No incluye ISBN]
040 _aCO-MdFUSB
_bspa
_cCO-MdFUSB
_dCO-MdFUSBC
_erda
041 _aeng
082 _a222.1407
_bN912
_223
100 1 0 _aNoth, Martin,
_d1902-1968.
_eautor
245 1 0 _aNumbers :
_ba commentary
_c/ Martin Noth
264 1 _aEstados Unidos :
_bThe Westminster Press,
_c1968
264 4 _c©1968
300 _a258 páginas. ;
_c23 cm.
336 _2rdacontent
_atexto
_btxt
337 _2rdamedia
_asin mediación
_bn
338 _2rdacarrier
_avolumen
_bnc
490 _aThe Old Testament Library
563 _aPasta dura
653 _aBiblia. Números -- Crítica e interpretación, etc.
942 _cBK
945 _aJTF-925
999 _c67857
_d67857